| 000 | 00982nam a22002417a 4500 | ||
|---|---|---|---|
| 999 |
_c5530 _d5530 |
||
| 003 | AR-CdUCM | ||
| 008 | 190312b ||||| |||| 00| 0 spa d | ||
| 040 |
_aMUNICIPALIDAD PROVINCIAL DEL CUSCO _cBIBLIOTECA MUNICIPAL DEL CUSCO |
||
| 082 |
_a985.27 / _bSA18 |
||
| 100 |
_aSalvador Ríos, Gregorio _916573 |
||
| 245 |
_aEstructura y cambio de la comunidad campesina : _bla comunidad de Huascoy / |
||
| 260 |
_aLima : _bLetra, _c1983. |
||
| 300 |
_a274 paginas ; _c20 cm. |
||
| 440 |
_aDesarrollo rural _n6 _916574 |
||
| 505 | _aLa comunidad de Huascoy -- Breve reseña histórica de la microregión de Chancay alto -- El derecho a la tierra y a la comunidad de Huascoy -- Estructura de la economía local ... | ||
| 650 |
_aComunidades campesinas _92214 |
||
| 650 |
_aMigración interna _98057 |
||
| 650 |
_aPerú _935 |
||
| 650 |
_aComunidad de Huascoy _916575 |
||
| 710 |
_aCentro de Estudios para el Desarrollo y la Participación _916576 |
||
| 942 |
_2ddc _cLIBROS |
||
| 945 | _aacv | ||